LIBRARY & INFORMATION CENTRE, KCAET, TAVANUR

ONLINE PUBLIC ACCESS CATALOGUE (OPAC)

Kerala Agricultural Statistics 1965-1966 to 1975-1976 (Record no. 18970)

MARC details
000 -LEADER
fixed length control field 00306nam a22001097a 4500
003 - CONTROL NUMBER IDENTIFIER
control field OSt
008 - FIXED-LENGTH DATA ELEMENTS--GENERAL INFORMATION
fixed length control field 250107b |||||||| |||| 00| 0 eng d
041 ## - LANGUAGE CODE
Language code of text/sound track or separate title eng
245 ## - TITLE STATEMENT
Title Kerala Agricultural Statistics 1965-1966 to 1975-1976
260 ## - PUBLICATION, DISTRIBUTION, ETC. (IMPRINT)
Name of publisher Directorate of Extension, Kerala Agricultural university
942 ## - ADDED ENTRY ELEMENTS (KOHA)
Koha item type Books
Holdings
Withdrawn status Lost status Damaged status Home library Current library Date acquired Accession Number Koha item type Public note
Withdrawn     KAUAET KAUAET 07/01/2025 13645 Books Withdrawn as per order no C2-4316/98 DATED 4/7/2000
Withdrawn     KAUAET KAUAET 07/01/2025 13646 Books Withdrawn as per order no C2-4316/98 DATED 4/7/2000
Withdrawn     KAUAET KAUAET 07/01/2025 13647 Books Withdrawn as per order no C2-4316/98 DATED 4/7/2000
Withdrawn     KAUAET KAUAET 07/01/2025 13648 Books Withdrawn as per order no C2-4316/98 DATED 4/7/2000
Withdrawn     KAUAET KAUAET 07/01/2025 13649 Books Withdrawn as per order no C2-4316/98 DATED 4/7/2000
Withdrawn     KAUAET KAUAET 07/01/2025 13650 Books Withdrawn as per order no C2-4316/98 DATED 4/7/2000
free website counter